Rzeki w województwie pomorskim - nagła śmierć - Statystyki

Ogólne statystyki
  • Ten quiz został rozwiązany 26 razy
  • Średni wynik to 4 z 15
Answers on the Grid
Answers color-coded by a green-red scale on the quiz's grid according to % correct below.
Barycz
Bolszewka
Brda
Czernica
Drwęca
Gwda
Jegrznia
Łeba
Liwiec
Łupawa
Łyna
Motława
Noteć
Parsęta
Pasłęka
Piaśnica
Radunia
Reda
Rega
Skotawa
Wda
Wieprza
Wierzyca
Wisła
Wisłoka
Wkra
Zagórska Struga
 
Statystyki odpowiedzi
Odpowiedź % Poprawnych
Brda
65%
Wisła
53%
Motława
35%
Radunia
35%
Reda
35%
Łeba
29%
Wda
29%
Bolszewka
24%
Czernica
24%
Wierzyca
24%
Piaśnica
18%
Wieprza
12%
Zagórska Struga
12%
Łupawa
6%
Skotawa
6%
Nie znaleziono quizów pasujących do podanych kryteriów
Rozkład punktacji
Procent ludzi z każdym wynikiem
Percentyl według liczby udzielonych odpowiedzi
Twoja historia wyników
Nie rozwiązałeś tego quizu